Christ in poetry ; (Record no. 2681)
[ view plain ]
| 000 -LEADER | |
|---|---|
| fixed length control field | 00745cam a2200241 4500 |
| 001 - CONTROL NUMBER | |
| control field | 1359444 |
| 003 - CONTROL NUMBER IDENTIFIER | |
| control field | OSt |
| 005 - DATE AND TIME OF LATEST TRANSACTION | |
| control field | 20181017162902.0 |
| 008 - FIXED-LENGTH DATA ELEMENTS--GENERAL INFORMATION | |
| fixed length control field | 750529s1952 nyu 000 0 eng u |
| 010 ## - LIBRARY OF CONGRESS CONTROL NUMBER | |
| LC control number | 52007048 |
| 040 ## - CATALOGING SOURCE | |
| Transcribing agency | ORL |
| Modifying agency | m.c. |
| -- | OCL |
| -- | KSU |
| -- | UtOrBLW |
| 050 0# - LIBRARY OF CONGRESS CALL NUMBER | |
| Classification number | PN6110.J4 |
| Item number | C6 |
| 082 0# - DEWEY DECIMAL CLASSIFICATION NUMBER | |
| Classification number | 821 |
| -- | 232.9 |
| Item number | C592C |
| 100 1# - MAIN ENTRY--PERSONAL NAME | |
| Personal name | Clark, Thomas Curtis, |
| Dates associated with a name | 1877-1953, |
| Relator term | editor |
| 245 10 - TITLE STATEMENT | |
| Title | Christ in poetry ; |
| Remainder of title | an anthology compiled and edited by Thomas Curtis Clark and Hazel Davis Clark |
| 264 #1 - PRODUCTION, PUBLICATION, DISTRIBUTION, MANUFACTURE, AND COPYRIGHT NOTICE | |
| Place of production, publication, distribution, manufacture | New York : |
| Name of producer, publisher, distributor, manufacturer | Association Press, |
| Date of production, publication, distribution, manufacture, or copyright notice | [1952] |
| 300 ## - PHYSICAL DESCRIPTION | |
| Extent | 412 pages ; |
| Dimensions | 19 cm |
| 336 ## - CONTENT TYPE | |
| Content type term | text |
| Content type code | txt |
| Source | rdacontent |
| 337 ## - MEDIA TYPE | |
| Media type term | unmediated |
| Media type code | n |
| Source | rdamedia |
| 338 ## - CARRIER TYPE | |
| Carrier type term | volume |
| Carrier type code | nc |
| Source | rdacarrier |
| 600 00 - SUBJECT ADDED ENTRY--PERSONAL NAME | |
| Personal name | Jesus Christ |
| Form subdivision | Poetry |
| 942 ## - ADDED ENTRY ELEMENTS (KOHA) | |
| Source of classification or shelving scheme | Dewey Decimal Classification |
| Koha item type | Books |
| Withdrawn status | Lost status | Source of classification or shelving scheme | Damaged status | Not for loan | Collection code | Home library | Current library | Shelving location | Date acquired | Cost, normal purchase price | Total Checkouts | Full call number | Barcode | Date last seen | Price effective from | Koha item type |
|---|---|---|---|---|---|---|---|---|---|---|---|---|---|---|---|---|
| Dewey Decimal Classification | Non-fiction | Harvest Mission College | Harvest Mission College | General Stacks | 17.10.2018 | 400.00 | 821 C592C | 002364 | 17.10.2018 | 17.10.2018 | Books |
